[Event "Augsburg op"]
[Site "Augsburg"]
[Date "2013.12.27"]
[Round "1"]
[White "Knipfer, Peter"]
[Black "Bachhuber, Dominik"]
[Result "0-1"]
[WhiteElo "920"]
[BlackElo "1893"]
[PlyCount "58"]
[EventDate "2013.12.27"]
[EventType "swiss"]
[EventRounds "7"]
[EventCountry "GER"]
[SourceTitle "CBM 158 Extra"]
[Source "ChessBase"]
[SourceDate "2014.02.28"]
[SourceVersion "1"]
[SourceVersionDate "2014.02.28"]
[SourceQuality "1"]

1. e4 c6 2. d4 d5 3. exd5 cxd5 4. c4 Nc6 5. cxd5 Qxd5 6. Nf3 Bg4 7. Be3 e5 8. h3 Bxf3 9. Qxf3 Bb4+ 10. Nc3 Qxf3 11. gxf3 exd4 12. Bxd4 Nxd4 13. 0-0-0 0-0-0 14. Rg1 Nf5 15. Bd3 Nge7 16. Kc2 Nd4+ 17. Kb1 g6 18. Rc1 Kb8 19. Rg3 Nef5 20. Bxf5 Nxf5 21. Rg4 Bxc3 22. Rxc3 Rd4 23. Rxd4 Nxd4 24. Rd3 Rd8 25. Re3 Kc7 26. Re7+ Rd7 27. Re3 Kd6 28. f4 Re7 29. Rd3 Re1+ 0-1